Fundamentals of risk and insurance /

Wedi'i Gadw mewn:
Manylion Llyfryddiaeth
Prif Awdur: Vaughan, Emmett J.
Fformat: Llyfr
Iaith:English
Cyhoeddwyd: New York : John Wiley and Sons, 1999.
Rhifyn:8th ed.
Pynciau:
Tagiau: Ychwanegu Tag
Dim Tagiau, Byddwch y cyntaf i dagio'r cofnod hwn!
Thư viện lưu trữ: Mạng thư viện Đại học Đà Nẵng
LEADER 00835cam a2200337 i 4500
001 000045259
003 4430
005 20030226103031.0
008 010220|1999 vm 000 eng
020 |a 047129988X 
040 |a IRC  |c IRC  |d IRC 
041 0 |a eng 
082 1 4 |a 368  |b VA-E 
100 1 |a Vaughan, Emmett J. 
245 0 0 |a Fundamentals of risk and insurance /  |c Emmett J. Vaughan. 
250 |a 8th ed. 
260 |a New York :  |b John Wiley and Sons,  |c 1999. 
300 |a xvi, 704p. :  |b col. ill. 
630 0 4 |a Insurance. 
650 0 4 |a Insurance. 
650 0 4 |a Risk (Insurance) 
OWN |a DUT 
999 |a From the UDN01 
TYP |a Monograph 
TYP |a Printed language 
980 |a Mạng thư viện Đại học Đà Nẵng